000 00821nam a22002417a 4500
003 UA-OsUOA
001 127893
007 ta
008 20171215b un ||||| |||| 00| 0 ukr d
100 _aСпенс М.
090 _a339.9
_bС71
942 _cBK
040 _aUA-OsUOA
_bukr
_cUA-OsUOA
_dUA-OsUOA
245 _aНова конвергенція
_bмайбутнє економічного зростання в багатошвидкісному світі
300 _a352 с.
955 _a2
041 _aukr
080 _a339.9
020 _a978-617-569-258-5
260 _aК.
_bТемпора
_c2017
650 7 _a339.9 Міжнародна економіка взагалі. Міжнародні економічні зв'язки. Світове господарство
_2UDC
999 _c415049
_d415049